000 00861cam a22002771 4500
001 12388
003 BD-RjUL
005 20211208235302.0
008 140128r19591957enka 001 0 eng
035 _a(BD-RjUL)12437
035 _a(OCoLC)2642773
040 _aDLC
_cMeB
_dInU-D
_dUk
_dDLC
_dBD-RjUL
_beng
041 _aeng
082 0 0 _a612.01448
_216
_bALA 1959
100 1 _aAlexander, Peter,
_d1922-
_936287
245 1 0 _aAtomic radiation and life /
_cPeter Alexander.
260 _aHarmondsworth ;
_aMiddlesex :
_bPenguin Books
_c1957 [reprinted 1959].
300 _a239 p. :
_billus. ;
_c19 cm.
490 0 _aPelican books,
_vA399
504 _aIncludes bibliographical reference and index.
650 0 _aRadioactivity
_xPhysiological effect
_938465
650 0 _aRadiobiology
_938466
942 _2ddc
_cBK
999 _c12388
_d12388